|
|
|
|
| LEADER |
01995nam a22004094a 4500 |
| 001 |
38902 |
| 003 |
BD-DhAAL |
| 005 |
20220614115341.0 |
| 008 |
220614r20222015ii a b 001 0 eng d |
| 999 |
|
|
|c 44322
|d 44322
|
| 010 |
|
|
|a 2010010675
|
| 015 |
|
|
|a GBA9B5571
|2 bnb
|
| 016 |
7 |
|
|a 015432803
|2 Uk
|
| 020 |
|
|
|a 9789332542884
|
| 020 |
|
|
|a 9780321547743 (alk. paper)
|
| 020 |
|
|
|a 0321547748 (alk. paper)
|
| 035 |
|
|
|a (OCoLC)ocn473447233
|
| 040 |
|
|
|a DLC
|c DLC
|d YDX
|d BTCTA
|d YDXCP
|d UKM
|d C#P
|d BWX
|d DLC
|d BD-DhAAL
|
| 050 |
0 |
0 |
|a TK7874
|b .W45 2011
|
| 082 |
0 |
0 |
|a 621.395
|2 22
|
| 100 |
1 |
|
|a Weste, Neil H. E.
|9 49312
|
| 245 |
1 |
0 |
|a CMOS VLSI design :
|b a circuits and systems perspective /
|c Neil H.E. Weste, David Money Harris.
|
| 250 |
|
|
|a Fourth edition
|
| 260 |
|
|
|a Noida :
|b Pearson,
|c c2015 [fourteenth impression 2022].
|
| 300 |
|
|
|a xxv, 838 pages :
|b color illustrations ;
|c 26 cm.
|
| 504 |
|
|
|a Includes bibliographical references (pages 785-816) and index.
|
| 526 |
|
|
|a EEE
|
| 541 |
|
|
|a Trim Education
|e 38902, 38903, 38904
|
| 650 |
|
0 |
|a Integrated circuits
|x Very large scale integration
|x Design and construction.
|9 49313
|
| 650 |
|
0 |
|a Metal oxide semiconductors, Complementary.
|9 49314
|
| 650 |
|
0 |
|a Electrical engineering.
|9 49315
|
| 700 |
1 |
|
|a Harris, David Money.
|9 49316
|
| 852 |
|
|
|a Ayesha Abed Library
|c General Stacks
|
| 942 |
|
|
|2 ddc
|c BK
|
| 952 |
|
|
|0 0
|1 0
|2 ddc
|4 0
|6 621_395000000000000_WES
|7 0
|9 70820
|a BRACUL
|b BRACUL
|c GEN
|d 2022-06-06
|e Trim Education
|g 1175.00
|l 7
|m 85
|o 621.395 WES
|p 3010038903
|q 2026-05-18
|r 2026-02-02
|s 2026-02-02
|t 2
|v 1175.00
|w 2022-06-06
|y BK
|
| 952 |
|
|
|0 0
|1 0
|2 ddc
|4 0
|6 621_395000000000000_WES
|7 0
|9 70821
|a BRACUL
|b BRACUL
|c GEN
|d 2022-06-06
|e Trim Education
|g 1175.00
|l 8
|m 123
|o 621.395 WES
|p 3010038904
|q 2026-05-13
|r 2026-02-02
|s 2026-02-02
|t 3
|v 1175.00
|w 2022-06-06
|y BK
|
| 952 |
|
|
|0 0
|1 0
|2 ddc
|4 0
|6 621_395000000000000_WES
|7 0
|9 70822
|a BRACUL
|b BRACUL
|c GEN
|d 2022-06-06
|e Trim Education
|g 1175.00
|l 5
|m 71
|o 621.395 WES
|p 3010038902
|r 2026-05-16
|s 2026-02-02
|t 1
|v 1175.00
|w 2022-06-06
|y BK
|